Score 0/30 Timer 03:00
32 Plays Today
Trivia Question Answer % Correct
What kind of animal is Jon Arbuckle's pet Garfield?cat
97.8%
Which planet has a moon named Titan?Saturn
87.5%
What country has a white flag with a red circle in the center?Japan
85.9%
What element has the symbol Fe?iron
85.1%
What singer of 'Dark Horse' and 'Hot and Cold' was married to Russell Brand?Katy Perry
81%
What dish accompanies ham in a Dr. Seuss title?green eggs
80.4%
Which 'French-speaking' muppet has a thing for Kermit?Miss Piggy
80.1%
What musical group features Bono and The Edge?U2
78.8%
Since 1940, Jay Garrick has been what red super-speedy DC hero?Flash
78%
What series of books by Stephenie Meyer features vampires that sparkle?Twilight
77.2%
How many lines are there in a limerick?five
76.7%
What unit is made up of 4 quarts?gallon
72.2%
What color is the 1 ball in billiards or pool?yellow
72.1%
What actress starred in 'Winter's Bone,' 'Hunger Games,' and 'Silver Linings Playbook'?Jennifer Lawrence
70.4%
What space do all Monopoly games begin on?Go
68.3%
Trivia Question Answer % Correct
What was Little Miss Muffet eating?curds and whey
61.6%
What is the capital of Canada?Ottawa
59.1%
Other than Jerusalem and Medina, what is the 3rd of the holy cities of Islam?Mecca
58.4%
What holiday is the day before All Saint's Day?Halloween
57.8%
What fruit is an anagram of 'among'?mango
54.3%
Which Princess pal of Mario has a fruity name?Peach
52.9%
Which winter Olympic sport features a person face down on a sled?Skeleton
51.6%
Which language do 42% of people in India speak?Hindi
47.8%
What is the patella bone more commonly known as?kneecap
45.3%
Which Shakepearean play features Iago, Desdemona and the title Moor of Venice?Othello
44.4%
What Toronto-based CFL team is named for the heroes who accompanied Jason?Argonauts
44.2%
What landlocked country borders both Chile and Brazil?Bolivia
42.2%
What science TV show was originally hosted by Carl Sagan and now by Neil deGrasse Tyson?Cosmos
41.3%
Who briefly replaced Jay Leno as the host of the Tonight Show, before having his own show on TBS?Conan O'Brien
37.5%
What 19th century US President served two non-consecutive terms?Grover Cleveland
30.1%
Remove Ads.
Support Sporcle.
Get the best of Sporcle when you Go Orange. This ad-free experience offers more features, more stats, and more fun while also helping to support Sporcle. Thank you for becoming a member.

You're not logged in!

Compare scores with friends on all Sporcle quizzes.
OR
Log In

Show Comments

Extras

Top Quizzes Today


Score Distribution

Your Account Isn't Verified!

In order to create a playlist on Sporcle, you need to verify the email address you used during registration. Go to your Sporcle Settings to finish the process.

Report this User

Report this user for behavior that violates our Community Guidelines.

Details: